Poissons d'eau douce de France - Statistiques

Statistiques générales
  • Ce quiz a été pris 149 fois
  • Le résultat moyen est 18 sur 107
Statistiques - réponses
Par images Réponse % Correct
brochet commun
93%
silure glane
90%
carpe commune
89%
perche commune
80%
anguille
79%
poisson-chat
74%
gardon
69%
perche soleil
64%
saumon atlantique
62%
black-bass à grande bouche
60%
brème commune
59%
truite arc-en-ciel
59%
truite fario
59%
sandre
58%
tanche
49%
chevesne commun
46%
goujon commun
45%
barbeau fluviatile
42%
ablette
41%
rotengle
39%
vairons
35%
carassin
33%
amour blanc
32%
ecrevisse de louisiane
31%
épinoche
31%
aspe
29%
ombre commun
29%
chabots
23%
ecrevisse américaine
23%
grémille
18%
grande alose
15%
hotu
15%
vandoise commune
15%
crapet de roche
13%
bouvière
9%
esturgeon européen
9%
lamproie marine
9%
brème bordelière
8%
alose feinte
7%
ecrevisse californienne
7%
épinochettes
7%
lamproie de planer
7%
loche de rivière
7%
pseudorasbora
6%
spirlin
6%
blageon
5%
Esox lucius
5%
lote
5%
blennie fluviatile
4%
flet
4%
gambusie
4%
loche d'étang
3%
Perca fluviatilis
3%
Salmo trutta
3%
Alosa alosa
2%
Alosa fallax
2%
Anguilla anguilla
2%
carpe argentée
2%
Cyprinus carpio
2%
Gobio gobio
2%
Lota lota
2%
Phoxinus spp
2%
Salmo salar
2%
Silurus glanis
2%
Tinca tinca
2%
Abramis brama
1%
Acipenser sturio
1%
Cottus spp
1%
gobie à tache noire
1%
gobie demi-lune
1%
Lampetra planeri
1%
Micropterus salmoides
1%
Oncorhynchus mykiss
1%
Orconectes limosus
1%
Pacifastacus leniusculus
1%
Petromyzon marinus
1%
Procambarus clarkii
1%
Pseudorasbora parva
1%
Rhodeus amarus
1%
Rutilus rutilus
1%
Sander lucioperca
1%
Squalius cephalus
1%
Thymallus thymallus
1%
Alburnoides bipunctatus
0%
Alburnus alburnus
0%
Ambloplites rupestris
0%
Ameirus melas
0%
Barbus barbus
0%
Blicca bjoerkna
0%
Carassius gibelio
0%
Chondrostoma nasus
0%
Cobitis taenia
0%
Ctenopharyngodon idella
0%
Gambusia holbrooki
0%
Gasterosteus aculeatus
0%
Gymnocephalus cernuus
0%
Hypophthalmichthys molitrix
0%
Lepomis gibbosus
0%
Leuciscus aspius
0%
Leuciscus leuciscus
0%
Misgurnus fossilis
0%
Platichthys flesus
0%
Proterorhinus semilunaris
0%
Pungitius spp
0%
Salaria fluviatilis
0%
Scardinius erythrophthalmus
0%
Telestes souffia
0%
Aucun quiz correspondant
Distribution des résultats
% des personnes avec chaque résultat
Percentile par nombre de réponses
Votre historique - résultats
Vous n’avez pas pris ce quiz